Islands That Start with N - Statistics

General Stats
  • This quiz has been taken 40 times
  • The average score is 7 of 10
Answer Stats
Hint Island % Correct
Island country in the south-western Pacific Nauru
89%
The other major island in this Caribbean country is Saint Kitts Nevis
89%
Second-largest island of New Zealand {North} Island
89%
Island off eastern Canada, united with Labrador to form a province Newfoundland
81%
Massachusetts island, former whaling centre, often mentioned in limericks Nantucket
73%
French special collectivity in the south-western Pacific {New} {Caledonia}
59%
Island territory in the South Pacific in free association with New Zealand Niue
59%
Second-largest island in the world {New} {Guinea}
57%
Along with the Andaman Islands, forms an Indian union territory {Nicobar} Islands
57%
Fourth-largest island in the Philippines Negros
27%
No matching quizzes found
Score Distribution
Percent of People with Each Score
Percentile by Number Answered
Your Score History
You have not taken this quiz